VERACRUZ LIBERAL (1858-1860) /

সংরক্ষণ করুন:
গ্রন্থ-পঞ্জীর বিবরন
প্রধান লেখক: Blázquez Domínguez, Carmen (autor)
বিন্যাস: গ্রন্থ
বিষয়গুলি:
ট্যাগগুলো: ট্যাগ যুক্ত করুন
কোনো ট্যাগ নেই, প্রথমজন হিসাবে ট্যাগ করুন!

MARC

LEADER 00000nam^a2200000^a^4500
001 000244999
005 20250521000000.0
009 20260310105444.421
020 |a 968-12-0329-1 
035 |a 068399 
037 |a Acervo Xavier Clavigero 
082 |a 972. 62  |b BLA 
100 |a Blázquez Domínguez, Carmen  |e (autor) 
245 1 0 |a VERACRUZ LIBERAL (1858-1860) /  |c CARMEN BLAZQUEZ DOMINGUEZ 
264 |a MEXICO :  |b EL COLEGIO DE MEXICO,  |c 1986 
300 |a 269 p. 
336 |a texto  |b txt  |2 rdacontenido 
337 |a sin mediación  |b n  |2 rdamedio 
338 |a volumen  |b nc  |2 rdasoporte 
649 |a XX 
650 |a Veracruz -  |x Historia -  |y Siglo XIX 
650 |a Estadística Vital -  |z Veracruz 
910 |a Fondo General 
920 |a Impresos - Libros 
930 |a Colección General 
905 |a 101 
901 |a 068399  |b IT1  |c ACC  |i 068399  |u 20250521 
902 |a https://opac.biblio.iteso.mx/vufind/Record/000244999